| 000 | 01901cam a22004934i 4500 | ||
|---|---|---|---|
| 003 | PE-LiUPU | ||
| 005 | 20250731172806.0 | ||
| 008 | 150617s1967 sp r 000 0 spa d | ||
| 035 | _a(Sirsi) a13395 | ||
| 040 |
_aPE-LiUPU _bspa _cPE-LiUPU _erda |
||
| 049 | _aPRUA | ||
| 082 | 0 | 4 |
_a225.08 _bN _221 |
| 130 |
_aBiblia _pN.T. _pTesalonicenses. |
||
| 245 | 1 | 0 |
_aPrimera Carta a los Tesalonicenses / _cSchürmann, Heinz ; [versión de Miguel de Francisco]. |
| 264 | 1 |
_aBarcelona : _bHerder, _c1967. |
|
| 300 |
_a103 páginas ; _c20 centímetros. |
||
| 336 |
_atext _2rdacontent |
||
| 337 |
_aunmediated _2rdamedia |
||
| 338 |
_avolume _2rdacarrier |
||
| 490 | 0 |
_aEl nuevo testamento y su mensaje ; _v13 |
|
| 505 | 0 | _aRecuerdos conmovedores: el apóstol y los comienzos de la comunidad -- Preocupación del Apóstol por la comunidad -- instrucciones para la vida cristiana. Apartaos de los vicios paganos. Exhortación al amor fraterno y a la vida laboriosa. | |
| 526 | _aSEG42 | ||
| 526 | _aSEG41 | ||
| 526 | _aSEG40 | ||
| 526 | _aSEG39 | ||
| 526 | _aP94 | ||
| 526 | _aP87 | ||
| 526 | _aP86 | ||
| 526 | _aP85 | ||
| 526 | _aP77 | ||
| 526 | _aP76 | ||
| 526 | _aP35 | ||
| 630 |
_aBiblia _pN.T. _pTesalonicenses _xComentarios. |
||
| 700 | 1 |
_aHeinz, Schürmann, _eeditor. |
|
| 700 | 1 |
_aFrancisco, Miguel de, _etraductor. |
|
| 910 |
_ajck _bjvq _cjck _d20150616 |
||
| 910 |
_adbm _bncf _cncf _d20190529 |
||
| 942 |
_2ddc _cBOOK |
||
| 949 |
_a225.08 N 13 / 2 _wDEWEY _c1 _i11560 _lCCODEBUL1 _mBUL _p28.00 _r0 _sY _tBOOK _u19760601 _xTEOLOGIA _PP35 _0COMPRA _o.STAFF. Colección Teología |
||
| 994 |
_aC0 _bPEPRU |
||
| 596 | _a1 | ||
| 999 |
_a225.08 N 13 _wDEWEY _c3757 _i11560 _d3757 _e2017-4-2 _f2021-11-11 _g5 _lCCODEBUL1 _mBUL _n1 _p28.00 _q1 _r0 _sY _tBOOK _u2015-6-17 _xTEOLOGIA _PP35 _0COMPRA _o.STAFF. Colección Teología |
||
| 980 |
_81 _gALBERTO SANCHEZ Responsable de Automatización |
||